[Event "Titled Tuesday intern op 06th May Early"]
[Site "Chess.com INT"]
[Date "2025.05.06"]
[Round "4"]
[White "Koridze, Lile"]
[Black "Mattenberger, Matthias"]
[Result "0-1"]
[WhiteElo "2110"]
[BlackElo "2286"]
[PlyCount "110"]
[EventDate "2025.05.06"]
[EventType "swiss (blitz)"]
[EventRounds "11"]
[EventCountry "USA"]
[SourceTitle "CB20_2025"]
[SourceDate "2025.05.14"]
[SourceVersion "1"]
[SourceVersionDate "2025.05.14"]
[SourceQuality "1"]

1. d4 Nf6 2. c4 g6 3. Nc3 d5 4. e3 Bg7 5. Nf3 0-0 6. Bd3 c5 7. cxd5 Nxd5 8. 0-0 Nc6 9. Bc4 Nb6 10. Bb3 cxd4 11. exd4 Nxd4 12. Nxd4 Qxd4 13. Qf3 Qg4 14. Qe3 Bf5 15. Qxe7 Rfe8 16. Qxb7 Be6 17. Bxe6 Rxe6 18. Be3 Rae8 19. Qxa7 Nc4 20. Nd5 Nxb2 21. Nc7 R6e7 22. Nxe8 Rxa7 23. Bxa7 Be5 24. Rae1 Nd3 25. Re3 Nf4 26. g3 Nh3+ 27. Kg2 Bg7 28. Rf3 Ng5 29. Rf4 Qh5 30. Nf6+ Bxf6 31. Rxf6 Qh3+ 32. Kg1 Ne4 33. Rf4 Ng5 34. Bd4 Qd7 35. h4 Ne6 36. Re4 Nxd4 37. Kh2 Nf3+ 38. Kg2 Nd2 39. Rd1 Qc6 40. Rxd2 Qxe4+ 41. f3 Qe3 42. Rf2 Qa3 43. Rc2 h5 44. Kf2 Kg7 45. Re2 Kf6 46. Kg2 Kf5 47. Kf2 f6 48. Kg2 g5 49. hxg5 fxg5 50. Rd2 Qe3 51. Rd5+ Ke6 52. Rd8 Qe2+ 53. Kh3 Qxf3 54. Re8+ Kd7 55. Re5 Qh1# 0-1

[Event "Titled Tuesday intern op 06th May Early"]
[Site "Chess.com INT"]
[Date "2025.05.06"]
[Round "5"]
[White "Lewtak, Damian"]
[Black "Mattenberger, Matthias"]
[Result "0-1"]
[WhiteElo "2352"]
[BlackElo "2286"]
[PlyCount "54"]
[EventDate "2025.05.06"]
[EventType "swiss (blitz)"]
[EventRounds "11"]
[EventCountry "USA"]
[SourceTitle "CB20_2025"]
[SourceDate "2025.05.14"]
[SourceVersion "1"]
[SourceVersionDate "2025.05.14"]
[SourceQuality "1"]

1. e4 c5 2. Nf3 d6 3. Bb5+ Nd7 4. 0-0 a6 5. Bxd7+ Bxd7 6. c3 Nf6 7. Re1 e5 8. d4 exd4 9. cxd4 cxd4 10. Nxd4 Be7 11. Nc3 0-0 12. Bf4 Re8 13. h3 Bf8 14. Qf3 h6 15. Nf5 Bxf5 16. exf5 Rxe1+ 17. Rxe1 d5 18. Rd1 Qb6 19. Nxd5 Nxd5 20. Qxd5 Qxb2 21. Rc1 Be7 22. Rc7 Rd8 23. Qxb7 Rd1+ 24. Kh2 Qxf2 25. Qf3 Qg1+ 26. Kg3 Qe1+ 27. Kg4 Qh4# 0-1

[Event "Titled Tuesday intern op 06th May Early"]
[Site "Chess.com INT"]
[Date "2025.05.06"]
[Round "1"]
[White "Mattenberger, Matthias"]
[Black "Le, Tuan Minh"]
[Result "0-1"]
[WhiteElo "2286"]
[BlackElo "2598"]
[PlyCount "66"]
[EventDate "2025.05.06"]
[EventType "swiss (blitz)"]
[EventRounds "11"]
[EventCountry "USA"]
[SourceTitle "CB20_2025"]
[SourceDate "2025.05.14"]
[SourceVersion "1"]
[SourceVersionDate "2025.05.14"]
[SourceQuality "1"]

1. d4 d5 2. c4 c6 3. Nc3 Nf6 4. Nf3 a6 5. c5 Nbd7 6. Bf4 Nh5 7. Bd2 g6 8. h3 Bg7 9. g3 0-0 10. Bg2 e5 11. dxe5 Nxe5 12. Nxe5 Bxe5 13. 0-0 Qe7 14. Na4 Re8 15. Nb6 Rb8 16. Nxc8 Rbxc8 17. Qc2 Bd4 18. e3 Bxc5 19. Bc3 Bd6 20. Rfe1 Nf6 21. Rad1 Be5 22. Ba5 h5 23. b3 h4 24. g4 Bd6 25. Bb6 Nd7 26. Bd4 Be5 27. e4 Bxd4 28. Rxd4 Qc5 29. Qd2 Nf6 30. e5 Nd7 31. f4 g5 32. fxg5 Rxe5 33. Kh1 Rxe1+ 0-1

[Event "Basel Swiss YM"]
[Site "Basel"]
[Date "2025.04.21"]
[Round "4"]
[White "Mattenberger, Matthias"]
[Black "Collin, Moritz Valentin"]
[Result "0-1"]
[WhiteElo "2279"]
[BlackElo "2303"]
[PlyCount "84"]
[EventDate "2025.04.18"]
[EventType "tourn"]
[EventRounds "9"]
[EventCountry "SUI"]
[EventCategory "5"]
[SourceTitle "CB18_2025"]
[SourceDate "2025.04.30"]
[SourceVersion "1"]
[SourceVersionDate "2025.04.30"]
[SourceQuality "1"]

1. d4 Nf6 2. c4 e6 3. Nc3 Bb4 4. a3 Bxc3+ 5. bxc3 c5 6. e3 b6 7. Bd3 Bb7 8. f3 0-0 9. e4 Ne8 10. Ne2 Nc6 11. 0-0 Na5 12. f4 f5 13. exf5 exf5 14. dxc5 bxc5 15. Ng3 Nd6 16. Rb1 Qc7 17. Qh5 g6 18. Qg5 Rae8 19. Rb2 Naxc4 20. Re2 Rxe2 21. Bxe2 Bd5 22. Rd1 Be6 23. h4 Qd8 24. Bf3 Nf7 25. Qxd8 Rxd8 26. Nf1 Rb8 27. Be3 d6 28. Re1 Nd8 29. Bf2 Kf7 30. a4 h5 31. Rd1 Ke7 32. Re1 Rb3 33. Ne3 Nxe3 34. Rxe3 Ra3 35. Bd1 Ra1 36. Re1 Rc1 37. Bf3 Rxc3 38. Rb1 Rb3 39. Re1 Ra3 40. Rb1 Rxa4 41. Rb8 Ra1+ 42. Kh2 Kd7 0-1

[Event "Basel Swiss YM"]
[Site "Basel"]
[Date "2025.04.18"]
[Round "1"]
[White "Mattenberger, Matthias"]
[Black "Hryzlova, Sofiia"]
[Result "1/2-1/2"]
[WhiteElo "2279"]
[BlackElo "2276"]
[PlyCount "118"]
[EventDate "2025.04.18"]
[EventType "tourn"]
[EventRounds "9"]
[EventCountry "SUI"]
[EventCategory "5"]
[SourceTitle "CB18_2025"]
[SourceDate "2025.04.30"]
[SourceVersion "1"]
[SourceVersionDate "2025.04.30"]
[SourceQuality "1"]

1. d4 Nf6 2. c4 e6 3. Nc3 d5 4. cxd5 exd5 5. Bg5 Be7 6. e3 h6 7. Bh4 Bg4 8. Qc2 0-0 9. h3 Be6 10. Nf3 Ne8 11. Bg3 Bd6 12. Ne5 Nc6 13. a3 Ne7 14. Bd3 f6 15. Ng6 Nxg6 16. Bxd6 Nxd6 17. Bxg6 c6 18. Ne2 Qd7 19. Bh7+ Kh8 20. Nf4 Bf7 21. h4 Rfe8 22. Bd3 a5 23. 0-0 a4 24. h5 Ra5 25. Rfe1 Rea8 26. Rac1 Ne4 27. f3 Nd6 28. Qf2 b6 29. e4 dxe4 30. fxe4 Nb5 31. d5 cxd5 32. e5 fxe5 33. Rxe5 Nd6 34. Qxb6 Qa7 35. Qxa7 R5xa7 36. Rc6 Nc4 37. Re2 Rb7 38. Bg6 Rab8 39. Ra6 Kg8 40. Rxa4 Nxb2 41. Rd4 Nc4 42. Nxd5 Bxd5 43. Rxd5 Nxa3 44. Rde5 Rf8 45. Re8 Rb8 46. R8e7 Nb5 47. Rd2 Rbd8 48. Rb2 Nd6 49. Ra2 Nc8 50. Rc7 Rd1+ 51. Kh2 Re1 52. Ra8 Ne7 53. Raa7 Nf5 54. g4 Re2+ 55. Kg1 Rd8 56. Rd7 Rc8 57. Rac7 Ra8 58. Ra7 Rc8 59. Rdc7 Rd8 1/2-1/2

[Event "Titled Tuesday intern op 01st Apr Early"]
[Site "Chess.com INT"]
[Date "2025.04.01"]
[Round "2"]
[White "Guliev, Gasan"]
[Black "Mattenberger, Matthias"]
[Result "0-1"]
[WhiteElo "2123"]
[BlackElo "2338"]
[PlyCount "142"]
[EventDate "2025.04.01"]
[EventType "swiss (blitz)"]
[EventRounds "11"]
[EventCountry "USA"]
[SourceTitle "CB15_2025"]
[SourceDate "2025.04.09"]
[SourceVersion "1"]
[SourceVersionDate "2025.04.09"]
[SourceQuality "1"]

1. d4 Nf6 2. Bg5 d5 3. Bxf6 exf6 4. e3 c6 5. Bd3 g6 6. Ne2 Bd6 7. h4 h5 8. Nd2 Nd7 9. c4 dxc4 10. Nxc4 Bc7 11. Qc2 Kf8 12. 0-0-0 Nb6 13. Nxb6 axb6 14. Kb1 Be6 15. Bc4 Qe7 16. Bxe6 Qxe6 17. d5 Qe7 18. dxc6 bxc6 19. Qxc6 Ra7 20. Rd7 Qe5 21. Rc1 Qf5+ 22. e4 Qxf2 23. Qc4 Rh7 24. Nd4 Kg8 25. Rf1 Qd2 26. e5 Ra4 27. Qc2 Qxc2+ 28. Nxc2 Bxe5 29. Rd8+ Kg7 30. b3 Rxh4 31. Rfd1 Rh2 32. Rc8 Rh8 33. Rxh8 Kxh8 34. Ne3 f5 35. Nc4 Bf6 36. Rd6 Kg7 37. Rxb6 Rxg2 38. a4 h4 39. a5 Bd4 40. Rd6 h3 41. Rxd4 h2 42. Rh4 Rg1+ 43. Kb2 h1Q 44. Rxh1 Rxh1 45. a6 Rh8 46. Nb6 f4 47. a7 f3 48. Nd5 f2 49. Ne3 Ra8 50. b4 Rxa7 51. Kc3 Kf6 52. Ng4+ Kf5 53. Nxf2 Kf4 54. Nd3+ Ke3 55. Ne5 g5 56. b5 Ke4 57. Nc6 Rc7 58. Kd2 Kd5 59. Nb4+ Kc4 60. b6 Rb7 61. Nc6 Rxb6 62. Ne5+ Kd5 63. Nxf7 Rg6 64. Ke3 Ke6 65. Nd8+ Kd7 66. Nf7 Ke6 67. Nd8+ Ke7 68. Nb7 Rc6 69. Na5 Rc5 70. Nb3 Rc3+ 71. Ke4 Rxb3 0-1

[Event "Titled Tuesday intern op 01st Apr Early"]
[Site "Chess.com INT"]
[Date "2025.04.01"]
[Round "9"]
[White "Klepikov, Nikita"]
[Black "Mattenberger, Matthias"]
[Result "0-1"]
[WhiteElo "2059"]
[BlackElo "2338"]
[PlyCount "46"]
[EventDate "2025.04.01"]
[EventType "swiss (blitz)"]
[EventRounds "11"]
[EventCountry "USA"]
[SourceTitle "CB15_2025"]
[SourceDate "2025.04.09"]
[SourceVersion "1"]
[SourceVersionDate "2025.04.09"]
[SourceQuality "1"]

1. e4 c5 2. Nf3 d6 3. d4 cxd4 4. Nxd4 Nf6 5. Nc3 a6 6. Bc4 e6 7. Bb3 Nbd7 8. f4 Nc5 9. Be3 Be7 10. Qf3 Qc7 11. f5 Bd7 12. 0-0-0 0-0 13. g4 Rfc8 14. g5 Ne8 15. g6 hxg6 16. fxg6 fxg6 17. Rhg1 b5 18. Rxg6 b4 19. Rf1 Nxb3+ 20. axb3 Bf6 21. Rxg7+ Nxg7 22. Nce2 Bxd4 23. Bxd4 Qxc2# 0-1

[Event "Titled Tuesday intern op 01st Apr Early"]
[Site "Chess.com INT"]
[Date "2025.04.01"]
[Round "3"]
[White "Svane, Frederik"]
[Black "Mattenberger, Matthias"]
[Result "1-0"]
[WhiteElo "2654"]
[BlackElo "2338"]
[PlyCount "79"]
[EventDate "2025.04.01"]
[EventType "swiss (blitz)"]
[EventRounds "11"]
[EventCountry "USA"]
[SourceTitle "CB15_2025"]
[SourceDate "2025.04.09"]
[SourceVersion "1"]
[SourceVersionDate "2025.04.09"]
[SourceQuality "1"]

1. e4 c5 2. Nf3 a6 3. c3 d5 4. exd5 Qxd5 5. d4 Nf6 6. Be2 e6 7. 0-0 Nc6 8. Be3 cxd4 9. cxd4 Be7 10. Nc3 Qd6 11. Qd2 0-0 12. Bf4 Qd8 13. Rfd1 Nd5 14. Bg3 b6 15. Rac1 Bb7 16. Nxd5 Qxd5 17. Bc4 Qh5 18. d5 exd5 19. Qxd5 Qh6 20. Qd7 Ra7 21. Bd5 Rd8 22. Qf5 Qg6 23. Qxg6 hxg6 24. Bc7 Rc8 25. Bxb6 Raa8 26. Ne5 Nxe5 27. Bxb7 Rxc1 28. Rxc1 Rb8 29. Rc8+ Rxc8 30. Bxc8 Nc4 31. Bd4 a5 32. Ba6 Nd6 33. Bb6 a4 34. Bc5 Kf8 35. Bd3 Nb7 36. Bxe7+ Kxe7 37. Kf1 Kd6 38. Ke2 Kd5 39. Ke3 Nd6 40. f4 1-0

[Event "Titled Tuesday intern op 04th Mar Early"]
[Site "Chess.com INT"]
[Date "2025.03.04"]
[Round "5"]
[White "Garifulin, Yury"]
[Black "Mattenberger, Matthias"]
[Result "1-0"]
[WhiteElo "2225"]
[BlackElo "2338"]
[PlyCount "53"]
[EventDate "2025.03.04"]
[EventType "swiss (blitz)"]
[EventRounds "11"]
[EventCountry "USA"]
[SourceTitle "CB11_2025"]
[SourceDate "2025.03.12"]
[SourceVersion "1"]
[SourceVersionDate "2025.03.12"]
[SourceQuality "1"]

1. e4 c5 2. Nf3 d6 3. d4 cxd4 4. Nxd4 Nf6 5. Nc3 a6 6. Nb3 e6 7. g4 Be7 8. g5 Nfd7 9. h4 b5 10. Bg2 Bb7 11. a3 Nb6 12. Na5 Ra7 13. Nxb7 Rxb7 14. f4 N8d7 15. f5 Rc7 16. fxe6 fxe6 17. Qg4 Rxc3 18. bxc3 Nc5 19. Be3 Nc4 20. Bxc5 dxc5 21. Rd1 Qa5 22. 0-0 Ne3 23. Qxe6 Nxf1 24. Qd7+ Kf7 25. Rxf1+ Kg6 26. Qf5+ Kh5 27. Bf3+ 1-0

[Event "Titled Tuesday intern op 04th Mar Early"]
[Site "Chess.com INT"]
[Date "2025.03.04"]
[Round "10"]
[White "Kocharin, Timur"]
[Black "Mattenberger, Matthias"]
[Result "1/2-1/2"]
[WhiteElo "2266"]
[BlackElo "2338"]
[PlyCount "119"]
[EventDate "2025.03.04"]
[EventType "swiss (blitz)"]
[EventRounds "11"]
[EventCountry "USA"]
[SourceTitle "CB11_2025"]
[SourceDate "2025.03.12"]
[SourceVersion "1"]
[SourceVersionDate "2025.03.12"]
[SourceQuality "1"]

1. d4 Nf6 2. c4 g6 3. Nc3 d5 4. cxd5 Nxd5 5. e4 Nxc3 6. bxc3 Bg7 7. Nf3 c5 8. Bb5+ Nc6 9. 0-0 0-0 10. Bxc6 bxc6 11. Qc2 cxd4 12. cxd4 Bg4 13. Ne5 Bxe5 14. dxe5 Rc8 15. h3 Be6 16. Be3 c5 17. f4 f5 18. exf6 exf6 19. Bxc5 Qd4+ 20. Bxd4 Rxc2 21. Rfc1 Rfc8 22. Rxc2 Rxc2 23. Bxf6 Rxa2 24. Rxa2 Bxa2 25. Kf2 Bb1 26. Kf3 a5 27. g4 a4 28. Bb2 Kf7 29. f5 Bd3 30. Kf4 h6 31. h4 h5 32. g5 Bc4 33. Ke5 Bb3 34. Kd6 Bc4 35. fxg6+ Kxg6 36. Ke7 Bb3 37. e5 Bc4 38. Kd6 Kf5 39. Ba3 Bb3 40. Bc1 Bc4 41. Bb2 Bb3 42. Ke7 Bc4 43. Kf8 Kg6 44. Ke8 Bb3 45. Ke7 Kf5 46. Bc1 Bc4 47. e6 Bxe6 48. g6 Bb3 49. Kd6 Kxg6 50. Ke5 Bd1 51. Kf4 Kf6 52. Bb2+ Ke6 53. Ke3 Kd5 54. Kd2 Bb3 55. Bg7 a3 56. Kc1 a2 57. Kb2 Bc4 58. Ka1 Ke4 59. Bf6 Kf5 60. Bd8 1/2-1/2

[Event "Titled Tuesday intern op 04th Mar Early"]
[Site "Chess.com INT"]
[Date "2025.03.04"]
[Round "9"]
[White "Mattenberger, Matthias"]
[Black "Fikiet, Alex M"]
[Result "0-1"]
[WhiteElo "2338"]
[BlackElo "2151"]
[PlyCount "80"]
[EventDate "2025.03.04"]
[EventType "swiss (blitz)"]
[EventRounds "11"]
[EventCountry "USA"]
[SourceTitle "CB11_2025"]
[SourceDate "2025.03.12"]
[SourceVersion "1"]
[SourceVersionDate "2025.03.12"]
[SourceQuality "1"]

1. d4 Nf6 2. c4 Nc6 3. Nf3 e6 4. a3 d6 5. Nc3 g6 6. e4 Bg7 7. Be2 0-0 8. 0-0 Re8 9. Re1 e5 10. d5 Nd4 11. Be3 c5 12. dxc6 Nxe2+ 13. Qxe2 bxc6 14. h3 a5 15. Red1 Qc7 16. b4 Nh5 17. b5 Nf4 18. Qd2 d5 19. cxd5 cxd5 20. Nxd5 Nxd5 21. Qxd5 Bb7 22. Qd7 Qxd7 23. Rxd7 Bxe4 24. Nd2 Bf5 25. Rc7 e4 26. Rb1 Rec8 27. Rxc8+ Bxc8 28. Nc4 Bb7 29. Nd6 Bd5 30. Rd1 Bb3 31. Rb1 a4 32. Rc1 Bf8 33. Bf4 Rd8 34. Rc6 Bd5 35. Ra6 Bb3 36. Nxe4 Bxa3 37. Nf6+ Kg7 38. Be5 Rd1+ 39. Kh2 Kh6 40. Ng4+ Kg5 0-1

[Event "Rilton Cup 52nd"]
[Site "Stockholm"]
[Date "2025.01.05"]
[Round "9"]
[White "Mattenberger, Matthias"]
[Black "Johansson, Linus"]
[Result "1-0"]
[WhiteElo "2267"]
[BlackElo "2412"]
[PlyCount "75"]
[EventDate "2024.12.27"]
[EventType "swiss"]
[EventRounds "9"]
[EventCountry "SWE"]
[SourceTitle "CB02_2025"]
[SourceDate "2025.01.08"]
[SourceVersion "1"]
[SourceVersionDate "2025.01.08"]
[SourceQuality "1"]

1. d4 Nf6 2. c4 e6 3. Nc3 Bb4 4. e3 d5 5. a3 Bxc3+ 6. bxc3 0-0 7. cxd5 exd5 8. Bd3 b6 9. Ne2 c5 10. 0-0 Ba6 11. f3 Bxd3 12. Qxd3 Nc6 13. Ng3 Re8 14. Bb2 h5 15. Rae1 h4 16. Nh1 Qd6 17. Nf2 Rad8 18. Kh1 Nh5 19. Qf5 g6 20. Qg4 Qe7 21. Nd3 c4 22. Nf4 Ng7 23. Nh3 Rd6 24. e4 Nd8 25. Bc1 f5 26. Qf4 Nf7 27. e5 Rc6 28. Qd2 Ne6 29. a4 b5 30. axb5 Rb6 31. g4 hxg3 32. Rg1 Rxb5 33. Rxg3 Nh8 34. Reg1 Qh4 35. Qg2 Kf8 36. Ba3+ Kg7 37. Rxg6+ Kh7 38. Rxe6 1-0

[Event "Rilton Cup 52nd"]
[Site "Stockholm"]
[Date "2024.12.28"]
[Round "2"]
[White "Mattenberger, Matthias"]
[Black "Khripachenko, Alexander"]
[Result "0-1"]
[WhiteElo "2267"]
[BlackElo "2400"]
[PlyCount "66"]
[EventDate "2024.12.27"]
[EventType "swiss"]
[EventRounds "9"]
[EventCountry "SWE"]
[SourceTitle "CB02_2025"]
[SourceDate "2025.01.08"]
[SourceVersion "1"]
[SourceVersionDate "2025.01.08"]
[SourceQuality "1"]

1. d4 Nf6 2. c4 e6 3. Nc3 Bb4 4. a3 Bxc3+ 5. bxc3 c5 6. e3 b6 7. Bd3 Bb7 8. f3 0-0 9. e4 Ne8 10. Nh3 Qh4+ 11. Kf1 Qe7 12. Ra2 Nc6 13. e5 f5 14. exf6 Nxf6 15. Re2 cxd4 16. cxd4 Nxd4 17. Bxh7+ Nxh7 18. Qxd4 Rac8 19. Kf2 Ba6 20. Rc2 e5 21. Qd5+ Kh8 22. Qe4 d5 23. Qg4 Qc5+ 24. Be3 d4 25. Bd2 Qxa3 26. Ng5 Qd3 27. Ne6 Rf7 28. Ra2 e4 29. Rxa6 Qxd2+ 30. Kg3 exf3 31. gxf3 Re8 32. Raa1 Rxe6 33. Qxe6 Qf4+ 0-1

[Event "EU-chT U18"]
[Site "Rhodes"]
[Date "2024.06.21"]
[Round "1.2"]
[White "Mattenberger, Matthias"]
[Black "Levin, Guy"]
[Result "1/2-1/2"]
[WhiteElo "2275"]
[BlackElo "2470"]
[PlyCount "146"]
[EventDate "2024.06.21"]
[EventType "team-swiss"]
[EventRounds "7"]
[EventCountry "GRE"]
[SourceTitle "CBM 220 Extra"]
[Source "ChessBase"]
[SourceDate "2024.07.31"]
[SourceVersion "1"]
[SourceVersionDate "2024.07.31"]
[SourceQuality "1"]
[WhiteTeam "Switzerland U18"]
[BlackTeam "Israel U18"]
[WhiteTeamCountry "SUI"]
[BlackTeamCountry "ISR"]

1. d4 d5 2. c4 dxc4 3. Nf3 Nf6 4. e3 Be6 5. Nc3 c6 6. Ng5 Bg4 7. f3 Bc8 8. Bxc4 e6 9. 0-0 h6 10. Nge4 Be7 11. Nxf6+ Bxf6 12. Qe2 c5 13. dxc5 Bxc3 14. bxc3 Qa5 15. a4 Bd7 16. c6 Nxc6 17. Ba3 0-0-0 18. Bd6 Be8 19. Rfd1 Nb8 20. Bb5 a6 21. Qc4+ Nc6 22. Rab1 Qb6 23. Kf2 h5 24. Rb4 Rh6 25. Bxc6 Qxc6 26. Qb3 b5 27. axb5 axb5 28. Rbd4 e5 29. Bxe5 Rxd4 30. cxd4 Qc4 31. Qxc4+ bxc4 32. Rc1 Bb5 33. Bxg7 Ra6 34. Rc2 Kd7 35. e4 Ra3 36. h4 Rd3 37. Kg3 Ke7 38. d5 f6 39. Bh6 c3 40. Kf2 Bc4 41. Bf4 Bb3 42. Rc1 c2 43. Ke2 Rd1 44. g4 Kf7 45. g5 f5 46. exf5 Rxd5 47. f6 Rd4 48. Ke3 Rd1 49. Ke2 Rd4 50. Ke3 Rd1 51. Ke4 Kg6 52. Be3 Bd5+ 53. Kf4 Bb3 54. Ke5 Rd5+ 55. Ke4 Ra5 56. Kd3 Ra4 57. Kc3 Be6 58. Kxc2 Rxh4 59. Kd2 Rc4 60. Ra1 Rc7 61. Ra6 Bf7 62. Rb6 h4 63. Rb4 Rc4 64. Rb8 Kf5 65. Rh8 Rb4 66. Ke2 Rb2+ 67. Ke1 Rb3 68. Kf2 Rb2+ 69. Kg1 Rb3 70. Rh7 Rxe3 71. Rxf7 Kxg5 72. f4+ Kg6 73. Re7 Rg3+ 1/2-1/2

[Event "SUI-ch U16"]
[Site "Naefels"]
[Date "2024.05.20"]
[Round "7"]
[White "Guyer, Marlon"]
[Black "Mattenberger, Matthias"]
[Result "0-1"]
[WhiteElo "1866"]
[BlackElo "2276"]
[PlyCount "76"]
[EventDate "2024.05.17"]
[EventType "swiss"]
[EventRounds "7"]
[EventCountry "SUI"]
[SourceTitle "EXT 2025"]
[Source "ChessBase"]
[SourceDate "2024.10.14"]
[SourceVersion "1"]
[SourceVersionDate "2024.10.14"]
[SourceQuality "1"]

1. e4 c5 2. Nf3 d6 3. d4 cxd4 4. Nxd4 Nf6 5. Nc3 a6 6. Be3 e5 7. Nb3 Be7 8. h3 Be6 9. f4 b5 10. f5 Bc8 11. a4 b4 12. Nd5 Nbd7 13. Bc4 Bb7 14. Qd3 Nxd5 15. Bxd5 Bxd5 16. Qxd5 Rc8 17. 0-0-0 Qc7 18. Qd3 Qc6 19. a5 Nf6 20. Nd2 d5 21. exd5 Nxd5 22. Rhe1 0-0 23. Ne4 Qa4 24. Kb1 Nc3+ 25. Nxc3 bxc3 26. b3 Qxa5 27. Qd5 Qb4 28. Qxe5 Bf6 29. Qf4 Qb7 30. g4 Bh4 31. g5 Bxe1 32. Rxe1 Rfe8 33. f6 Re4 34. Qd6 Qc6 35. Qa3 Qe6 36. Qc1 Rb8 37. Ka1 Re8 38. Bf2 Rxe1 0-1